00680nam a22001937a 4500003000900000008004100009040007100050082001800121100002100139245003400160260003600194300002800230440002700258505012700285650001000412650002100422650002400443700001900467AR-CdUCM190516b ||||| |||| 00| 0 spa d aMUNICIPALIDAD PROVINCIAL DEL CUSCOcBIBLIOTECA MUNICIPAL DEL CUSCO a614.71 /bK65 aKneese, Allen V. aCosto de la contaminación / aBuenos Aires :bMarymar,c1975. a138 páginas ;c23 cm. aColección Ecología aContenido: Los problemas -- Algunos antecedentes técnicos -- La legislación federal anterior a 1970 y sus problemas... aLeyes aContaminación  aReservas de energia aLandes, Daniel